India's white revolution: operation flood food aid and development (Record no. 1434217)

MARC details
000 -LEADER
fixed length control field 00703nam a22002177a 4500
005 - DATE AND TIME OF LATEST TRANSACTION
control field 20250723153341.0
008 - FIXED-LENGTH DATA ELEMENTS--GENERAL INFORMATION
fixed length control field 250723b |||||||| |||| 00| 0 eng d
020 ## - INTERNATIONAL STANDARD BOOK NUMBER
International Standard Book Number 978-1-84885-176-4
037 ## - SOURCE OF ACQUISITION
Terms of availability TB
040 ## - CATALOGING SOURCE
Original cataloging agency AL
Transcribing agency AL
041 ## - LANGUAGE CODE
Source of code eng
Language code of text/sound track or separate title eng
084 ## - COLON CLASSIFICATION NUMBER
Classification number X8(J).2 Q0
Assigning agency TB
100 ## - MAIN ENTRY--PERSONAL NAME
Personal name Scholten, Bruce A.
9 (RLIN) 465824
245 ## - TITLE STATEMENT
Title India's white revolution: operation flood food aid and development
260 ## - PUBLICATION, DISTRIBUTION, ETC.
Place of publication, distribution, etc. London, UK:
Name of publisher, distributor, etc. I.B. Tauris,
Date of publication, distribution, etc. 2010.
300 ## - PHYSICAL DESCRIPTION
Extent xv,307p.
365 ## - TRADE PRICE
Price amount 1995.00
Currency code INR
650 ## - SUBJECT ADDED ENTRY--TOPICAL TERM
Source of heading or term ECONOMICS
942 ## - ADDED ENTRY ELEMENTS (KOHA)
Source of classification or shelving scheme Colon Classification (CC)
Koha item type Textbook
Classification part X8(J).2 Q0
Suppress in OPAC No
Holdings
Withdrawn status Lost status Source of classification or shelving scheme Damaged status Not for loan Home library Current library Date acquired Source of acquisition Cost, normal purchase price Inventory number Total Checkouts Full call number Barcode Date last seen Price effective from Koha item type
    Colon Classification (CC)     Arts Library Arts Library 2025-07-23 Viva Books Private Limited 1995.00 SIVB-30-22-05009 & 2023-01-01   X8(J).2 Q0 AL1666994 2025-07-23 2025-07-23 Textbook
Copyright @ Delhi University Library System